[Event "NED-ch U12 op"]
[Site "Borne"]
[Date "2019.08.10"]
[Round "13"]
[White "De Rycke, Killian"]
[Black "Kazarjan, Gachatur"]
[Result "0-1"]
[WhiteElo "1319"]
[BlackElo "1542"]
[PlyCount "106"]
[EventDate "2019.08.05"]
[EventType "swiss"]
[EventRounds "13"]
[EventCountry "NED"]
[SourceTitle "EXT 2020"]
[Source "ChessBase"]
[SourceDate "2019.10.17"]
[SourceVersion "1"]
[SourceVersionDate "2019.10.17"]
[SourceQuality "1"]

1. e4 c5 2. Nf3 Nc6 3. Nc3 g6 4. Bb5 Bg7 5. d3 Nf6 6. 0-0 0-0 7. Be3 d6 8. Re1 Bg4 9. h3 Bxf3 10. Qxf3 Ne5 11. Qg3 a6 12. Ba4 b5 13. Bb3 Rc8 14. a4 b4 15. Ne2 c4 16. dxc4 Nxc4 17. Rab1 Nxe4 18. Qf4 d5 19. Bxc4 Rxc4 20. Qf3 Rxc2 21. Bd4 Bxd4 22. Nxd4 Rxf2 23. Qe3 Qb6 24. Nc2 Qxe3 25. Nxe3 Rd2 26. Red1 e6 27. Rxd2 Nxd2 28. Rd1 Nb3 29. Rd3 Nc5 30. Rd4 Rb8 31. Nc2 Nxa4 32. Nxb4 Nxb2 33. Nxa6 Rb6 34. Nb4 Nc4 35. Nc2 Rb2 36. Ne1 Rb1 37. Kf2 Na3 38. Ra4 Rb2+ 39. Kg3 Nc2 40. Nxc2 Rxc2 41. Rd4 Kg7 42. Kf4 Rxg2 43. h4 Kf6 44. Rd3 e5+ 45. Kf3 e4+ 46. Kxg2 exd3 47. Kf2 d4 48. Ke1 Ke5 49. Kd2 Ke4 50. Kd1 Ke3 51. Ke1 d2+ 52. Kd1 h5 53. Kc2 Ke2 0-1

[Event "NED-ch U12 op"]
[Site "Borne"]
[Date "2019.08.06"]
[Round "2"]
[White "De Rycke, Killian"]
[Black "Sapulette, Jay Giani"]
[Result "1-0"]
[WhiteElo "1319"]
[BlackElo "908"]
[PlyCount "131"]
[EventDate "2019.08.05"]
[EventType "swiss"]
[EventRounds "13"]
[EventCountry "NED"]
[SourceTitle "EXT 2020"]
[Source "ChessBase"]
[SourceDate "2019.10.17"]
[SourceVersion "1"]
[SourceVersionDate "2019.10.17"]
[SourceQuality "1"]

1. e4 e5 2. Nf3 Nc6 3. Nc3 Nf6 4. Bc4 Bb4 5. a3 Bxc3 6. bxc3 d5 7. exd5 Nxd5 8. 0-0 Be6 9. d3 Nxc3 10. Qe1 Nd5 11. Nxe5 Nd4 12. Ra2 Nc6 13. Bb5 Qd6 14. Bxc6+ bxc6 15. Nc4 Qd8 16. f4 f5 17. Qxe6+ Ne7 18. Re1 Qd4+ 19. Qe3 Qxe3+ 20. Rxe3 Kf8 21. Rg3 Re8 22. Bb2 Rg8 23. Ne5 Nd5 24. Nxc6 Nxf4 25. Rf3 Ne2+ 26. Kf1 g6 27. Ne5 Nc1 28. Nxg6+ hxg6 29. Bxc1 Kf7 30. Re3 Rb8 31. Rb2 Rge8 32. Rxe8 Rxe8 33. Rb7 Ke6 34. Rxa7 Rb8 35. Ke2 Re8 36. Kd2 Kd6 37. Ra6+ Kd7 38. Rxg6 Rf8 39. Kd1 Rh8 40. h3 Ra8 41. Rf6 Ra5 42. g4 fxg4 43. hxg4 Ra4 44. g5 Rg4 45. c4 Rg1+ 46. Kc2 Rg2+ 47. Kc3 Ke7 48. Ra6 Rg1 49. Bd2 Kd7 50. g6 c6 51. Ra7+ Kc8 52. Rg7 Kd8 53. a4 Ke8 54. a5 Kf8 55. Rf7+ Kg8 56. Rf6 Kg7 57. Rxc6 Ra1 58. Kb2 Rd1 59. Bc3+ Kg8 60. Kc2 Rg1 61. a6 Ra1 62. Bxa1 Kf8 63. Rc7 Ke8 64. a7 Kd8 65. Rh7 Kc8 66. a8Q# 1-0